[Event "Varna op 5th"]
[Site "Varna"]
[Date "2011.07.09"]
[Round "8"]
[White "Golikov, Sergej"]
[Black "Hristov, Boris"]
[Result "1-0"]
[WhiteElo "2064"]
[BlackElo "1696"]
[PlyCount "69"]
[EventDate "2011.07.03"]
[EventType "swiss"]
[EventRounds "9"]
[EventCountry "BUL"]
[SourceTitle "CBM 143 Extra"]
[Source "ChessBase"]
[SourceDate "2011.08.29"]
[SourceVersion "1"]
[SourceVersionDate "2011.08.29"]
[SourceQuality "1"]

1. d4 Nf6 2. c4 g6 3. Nc3 d6 4. g3 Bg7 5. Bg2 c6 6. Nf3 Nbd7 7. 0-0 Rb8 8. Re1 b5 9. cxb5 cxb5 10. a3 0-0 11. e4 Qb6 12. h3 Nh5 13. Nd5 Qd8 14. Bd2 e6 15. Nb4 a5 16. Nc6 Qb6 17. Nxb8 Nxb8 18. Be3 d5 19. e5 f5 20. g4 fxg4 21. hxg4 Nf4 22. Qd2 Nxg2 23. Kxg2 Nc6 24. Rh1 Ne7 25. Rh3 h6 26. Bxh6 Bxh6 27. Qxh6 Kf7 28. Rc1 Bd7 29. Qg5 Ke8 30. Rh7 Qd8 31. Rch1 b4 32. Rh8 bxa3 33. Rxf8+ Kxf8 34. Qf6+ Ke8 35. bxa3 1-0

[Event "Varna op 5th"]
[Site "Varna"]
[Date "2011.07.03"]
[Round "1"]
[White "Emdin, Mark"]
[Black "Golikov, Sergej"]
[Result "1-0"]
[WhiteElo "2068"]
[BlackElo "2064"]
[PlyCount "127"]
[EventDate "2011.07.03"]
[EventType "swiss"]
[EventRounds "9"]
[EventCountry "BUL"]
[SourceTitle "CBM 143 Extra"]
[Source "ChessBase"]
[SourceDate "2011.08.29"]
[SourceVersion "1"]
[SourceVersionDate "2011.08.29"]
[SourceQuality "1"]

1. e4 c5 2. Nc3 d6 3. g3 Nf6 4. Bg2 g6 5. d3 Bg7 6. f4 Nc6 7. Nf3 Rb8 8. 0-0 0-0 9. h3 a6 10. g4 e6 11. Be3 b5 12. a3 Qc7 13. f5 exf5 14. exf5 gxf5 15. g5 Nd7 16. Nd5 Qd8 17. Nh4 Ne7 18. Nxe7+ Qxe7 19. Nxf5 Qe6 20. Bd5 Qe8 21. Bd2 Bxb2 22. Rb1 Qe5 23. Qf3 Bd4+ 24. Nxd4 Qxd4+ 25. Be3 Qg7 26. Rf2 Ne5 27. Qg2 Be6 28. Rbf1 a5 29. Rf6 Rbe8 30. Bd2 b4 31. axb4 axb4 32. Kh1 Nd7 33. R6f2 Nb6 34. Bc6 Rc8 35. Be4 d5 36. Bf5 Rb8 37. Bf4 Rbc8 38. Bd6 Rfd8 39. Be7 Rd7 40. Bxe6 fxe6 41. Rf8+ Rxf8 42. Rxf8+ Qxf8 43. Bxf8 Kxf8 44. Qg3 Ke7 45. Qb8 Na4 46. Qb5 Ra7 47. h4 Kd6 48. h5 Rg7 49. Qxa4 Rxg5 50. Qe8 Rf5 51. Qd8+ Kc6 52. Kg2 c4 53. dxc4 dxc4 54. Qc8+ Kd5 55. Qd7+ Ke5 56. h6 b3 57. cxb3 cxb3 58. Qxh7 Rg5+ 59. Kf3 Rf5+ 60. Ke3 Rh5 61. Qc7+ Kf6 62. Qg7+ Kf5 63. h7 b2 64. h8Q 1-0